| 000 | 00431nam a2200109Ia 4500 | ||
|---|---|---|---|
| 008 | 160909s9999 xx 000 0 und d | ||
| 100 | _aAlfred, Tsahai C. | ||
| 245 | _aCommunity Engagement: HBCU Students' Socially Responsible Leadership Development Through Service-Learning Participation | ||
| 260 |
_bSt. Thomas University. _c2016 |
||
| 650 | _aENTREPRENEURSHIP | ||
| 856 | _uhttp://pqdtopen.proquest.com/doc/1767384214.html?FMT=ABS | ||
| 999 |
_c304420 _d304420 |
||